Sports Quiz

Random Sports or Baseball Quiz

Opening Day Lineups: Athletics Quiz Stats

 Plays Quiz Updated Apr 4, 2019

Score 0/290 Timer 19:00
2 Plays Today
Year Player % Correct
1996Jason Giambi
85.9%
1997Jason Giambi
85.9%
1998Jason Giambi
85.9%
1999Jason Giambi
85.9%
2000Jason Giambi
85.9%
2001Jason Giambi
85.9%
2009Jason Giambi
85.9%
1991Mark McGwire
85.8%
1992Mark McGwire
85.8%
1993Mark McGwire
85.8%
1994Mark McGwire
85.8%
1995Mark McGwire
85.8%
1997Mark McGwire
85.8%
2001Jeremy Giambi
85.8%
2002Jeremy Giambi
85.8%
2005Barry Zito
85%
2006Barry Zito
85%
1991Jose Canseco
84.4%
1992Jose Canseco
84.4%
1997Jose Canseco
84.4%
1991Rickey Henderson
81.2%
1992Rickey Henderson
81.2%
1993Rickey Henderson
81.2%
1994Rickey Henderson
81.2%
1995Rickey Henderson
81.2%
1998Rickey Henderson
81.2%
1991Dave Henderson
81%
1993Dave Henderson
81%
1999Eric Chavez
80.2%
2000Eric Chavez
80.2%
2001Eric Chavez
80.2%
2002Eric Chavez
80.2%
2003Eric Chavez
80.2%
2004Eric Chavez
80.2%
2006Eric Chavez
80.2%
2005Eric Chavez
80.2%
2007Eric Chavez
80.2%
2009Eric Chavez
80.2%
2010Eric Chavez
80.2%
2001Tim Hudson
80.1%
2003Tim Hudson
80.1%
2004Tim Hudson
80.1%
1999Miguel Tejada
78.5%
2000Miguel Tejada
78.5%
2001Miguel Tejada
78.5%
2002Miguel Tejada
78.5%
2003Miguel Tejada
78.5%
2002Mark Mulder
77.6%
2019Khris Davis
76.7%
2017Khris Davis
71.5%
2017Rajai Davis
71.3%
2016Khris Davis
70.5%
2015Ike Davis
69.7%
2011Coco Crisp
68.9%
2012Coco Crisp
68.9%
2013Coco Crisp
68.9%
2018Khris Davis
68.3%
2014Coco Crisp
68%
2014Josh Donaldson
66.8%
1991Dave Stewart
65.9%
1992Dave Stewart
65.9%
1995Dave Stewart
65.9%
2007Shannon Stewart
65.6%
2013Josh Donaldson
65%
2010Rajai Davis
62.3%
2019Matt Chapman
61.9%
2008Kurt Suzuki
61.6%
2009Kurt Suzuki
61.6%
2010Kurt Suzuki
61.6%
2014Sonny Gray
61.3%
2015Sonny Gray
60.4%
2013Josh Reddick
60.2%
2012Josh Reddick
59.8%
2014Josh Reddick
59.8%
2012Seth Smith
58.7%
2003Mark Ellis
58.6%
2006Mark Ellis
58.6%
2005Mark Ellis
58.6%
2007Mark Ellis
58.6%
2008Mark Ellis
58.6%
2009Mark Ellis
58.6%
2010Mark Ellis
58.6%
2013Seth Smith
58.6%
2013Yoenis Cespedes
58.2%
2012Yoenis Cespedes
58.1%
2006Frank Thomas
57.9%
2011Mark Ellis
57.5%
2011Kurt Suzuki
57.4%
2012Kurt Suzuki
57.4%
2014Yoenis Cespedes
57.1%
1991Terry Steinbach
57%
1992Terry Steinbach
57%
1993Terry Steinbach
57%
1994Terry Steinbach
57%
1995Terry Steinbach
57%
1996Terry Steinbach
57%
2001Johnny Damon
56.3%
Year Player % Correct
2014Jed Lowrie
55.1%
2006Jason Kendall
54.9%
2005Jason Kendall
54.9%
2007Jason Kendall
54.9%
2000Ramon Hernandez
53.7%
2001Ramon Hernandez
53.7%
2002Ramon Hernandez
53.7%
2003Ramon Hernandez
53.7%
2016Josh Reddick
53.7%
2013Jed Lowrie
53.7%
1991Walt Weiss
53%
2003Jermaine Dye
52.3%
2004Jermaine Dye
52.3%
2019Matt Olson
51.3%
2016Jed Lowrie
51.1%
2019Marcus Semien
50.8%
2013Brett Anderson
50.8%
2017Jed Lowrie
50.2%
2007Dan Haren
50.1%
2002Scott Hatteberg
49.7%
2003Scott Hatteberg
49.7%
2005Scott Hatteberg
49.7%
2004Bobby Crosby
49.4%
2006Bobby Crosby
49.4%
2005Bobby Crosby
49.4%
2007Bobby Crosby
49.4%
2008Bobby Crosby
49.4%
2018Jed Lowrie
48.6%
2015Stephen Vogt
48%
2016Stephen Vogt
47.2%
2016Marcus Semien
46.9%
1992Carney Lansford
46.9%
2013Brandon Moss
46.8%
2014Brandon Moss
46.7%
2017Marcus Semien
46.4%
2018Matt Chapman
46.1%
2015Marcus Semien
45.8%
2008Daric Barton
45.6%
2010Daric Barton
45.6%
2015Billy Butler
45.4%
2011Daric Barton
45.4%
2018Marcus Semien
45.1%
2001Terrence Long
44.9%
2002Terrence Long
44.9%
2003Terrence Long
44.9%
1993Bob Welch
44.9%
2014Daric Barton
44.6%
2008Jack Cust
44.5%
2009Jack Cust
44.5%
2017Stephen Vogt
44.1%
2016Billy Butler
43.4%
2015Brett Lawrie
43.3%
2014John Jaso
42.7%
2013John Jaso
42.7%
2016Rich Hill
42.4%
2002David Justice
42.1%
2018Matt Olson
41.4%
2014Eric Sogard
41.4%
2019Stephen Piscotty
41.3%
1997George Williams
40.5%
2013Eric Sogard
40.4%
2009Matt Holliday
39.9%
2019Ramon Laureano
39.4%
2012Eric Sogard
39.3%
2009Dallas Braden
38.9%
2007Mike Piazza
38.9%
2012Cliff Pennington
38.5%
2002Carlos Pena
38.4%
2011Cliff Pennington
38.3%
1992Willie Wilson
38.3%
2006Nick Swisher
38.2%
2005Nick Swisher
38.2%
2007Nick Swisher
38.2%
2008Emil Brown
38.1%
2018Jonathan Lucroy
37.9%
1991Mike Gallego
37.3%
1995Mike Gallego
37.3%
1998Matt Stairs
37.2%
1999Matt Stairs
37.2%
2000Matt Stairs
37.2%
2010Cliff Pennington
36.9%
2015Eric Sogard
36.8%
2012Jemile Weeks
36.7%
2009Orlando Cabrera
35.9%
2008Ryan Sweeney
35.8%
2009Ryan Sweeney
35.8%
2010Ryan Sweeney
35.8%
1993Ruben Sierra
35.5%
1994Ruben Sierra
35.5%
1995Ruben Sierra
35.5%
1996Ernie Young
35.2%
1997Ernie Young
35.2%
2004Mark Kotsay
34.6%
2006Mark Kotsay
34.6%
2005Mark Kotsay
34.6%
1991Harold Baines
34.1%
1992Harold Baines
34.1%
Year Player % Correct
2016Billy Burns
33.7%
2010Ben Sheets
33.6%
2017Kendall Graveman
33.3%
2011Hideki Matsui
33.2%
1998Ben Grieve
33.2%
1999Ben Grieve
33.2%
2000Ben Grieve
33.2%
2011Trevor Cahill
33%
1994Scott Brosius
32.9%
1995Scott Brosius
32.9%
1997Scott Brosius
32.9%
2010Kevin Kouzmanoff
32.5%
2017Yonder Alonso
32.2%
2018Stephen Piscotty
32.1%
1999Tony Phillips
32.1%
1992Mike Bordick
31.8%
1993Mike Bordick
31.8%
1994Mike Bordick
31.8%
1995Mike Bordick
31.8%
1996Mike Bordick
31.8%
2018Kendall Graveman
31.7%
2006Milton Bradley
31.5%
2007Milton Bradley
31.5%
2009Nomar Garciaparra
31.4%
2019Mike Fiers
31.1%
2011Kevin Kouzmanoff
30.7%
2008Joe Blanton
30.6%
1999John Jaha
30.6%
2000John Jaha
30.6%
2005Eric Byrnes
30.5%
2015Ben Zobrist
30.2%
2019Jurickson Profar
29.9%
2004Marco Scutaro
29.7%
2003Erubiel Durazo
29.2%
2004Erubiel Durazo
29.2%
2005Erubiel Durazo
29.2%
2016Danny Valencia
29.1%
2004Damian Miller
29%
2002Randy Velarde
28.7%
2017Matthew Joyce
28.6%
2018Matthew Joyce
28.2%
2012Brandon McCarthy
28.1%
2017Ryon Healy
28.1%
2011Josh Willingham
27.9%
2019Nick Hundley
27.6%
2015Sam Fuld
27.5%
2016Mark Canha
27.4%
2011David DeJesus
27.2%
2007Travis Buck
27.2%
2008Travis Buck
27.2%
2010Travis Buck
27.2%
1995Geronimo Berroa
26.8%
1996Geronimo Berroa
26.8%
1997Geronimo Berroa
26.8%
2012Brandon Allen
25.7%
2019Chad Pinder
24.4%
1994Stan Javier
22.8%
1995Stan Javier
22.8%
2000Kevin Appier
22.4%
2017Trevor Plouffe
22.4%
2004Bobby Kielty
22.3%
2001Jose Ortiz
22.1%
2015Craig Gentry
22.1%
1992Lance Blankenship
21.7%
1993Lance Blankenship
21.7%
2018Boog Powell
20.4%
2006Jay Payton
20.3%
1997Scott Spiezio
20.2%
1998Scott Spiezio
20.2%
1998A.J. Hinch
19.9%
1999A.J. Hinch
19.9%
2001Olmedo Saenz
19.8%
1994Brent Gates
19.6%
1996Brent Gates
19.6%
2004Eric Karros
19.5%
1993Jerry Browne
18.5%
1993Troy Neel
18%
1994Troy Neel
18%
2000Frank Menechino
17.8%
1997Ariel Prieto
17.7%
1998Tom Candiotti
17.3%
1999Gil Heredia
17.2%
1994Bobby Witt
17.2%
2003Chris Singleton
17.2%
2008Jack Hannahan
17.2%
1991Ernest Riles
17.1%
1997Tony Batista
16.8%
1998Jason McDonald
16.3%
1999Jason McDonald
16.3%
1996Carlos Reyes
15.7%
1998Dave Magadan
14.5%
1996Phil Plantier
14%
2000Rich Becker
13%
1998Rafael Bournigal
13%
1996Pedro Munoz
12.4%
1996Torey Lovullo
10.9%

You're not logged in!

Compare scores with friends on all Sporcle quizzes.
OR
Log In

Show Comments

Extras

Top Quizzes Today


Score Distribution

Your Account Isn't Verified!

In order to create a playlist on Sporcle, you need to verify the email address you used during registration. Go to your Sporcle Settings to finish the process.

Report this User

Report this user for behavior that violates our Community Guidelines.

Details: